Statistics for Ella Mai Discography

Click here to take the quiz!

General Stats

  • This quiz has been taken 30 times
  • The average score is 23 of 33

Answer Stats

HintAnswer% Correct
Ella MaiBoo'd Up
100%
READYBoo'd Up
100%
TimeShe Don't
82%
Ella MaiShot Clock
82%
READYAnymore
76%
Ella MaiCheap Shot
76%
Ella MaiGut Feeling
76%
CHANGELay Up
76%
Ella MaiRun My Mouth
76%
Ella MaiTrip
76%
CHANGE10,000 Hours
71%
Ella MaiDangerous
71%
Ella MaiEasy
71%
Ella MaiGood Bad
71%
Ella MaiNaked
71%
TimeOld Dog, New Bitch
71%
TimeOne Day
71%
Ella MaiSauce
71%
Ella MaiWhatchamacallit
71%
TimeA Thousand Times
65%
READYBreakfast In Bed
65%
Ella MaiClose
65%
TimeDon't Want You
65%
CHANGEDown
65%
Ella MaiEverything
65%
CHANGEFound
65%
READYMy Way
65%
READYNobody Else
65%
Ella MaiOwn It
65%
Ella MaiEmotion
59%
TimeSwitch Sider
59%
CHANGEWho Knew
59%
READYMakes We Wonder
0%

Score Distribution

Percentile by Number Answered

Percent of People with Each Score

Your Score History

You have not taken this quiz